Úrazové poistenie v Sociálnej poisťovni [1]

Sociálne poistenie je členené na päť podsystémov. Sociálna poisťovňa bude od 1.1.2004 zabezpečovať aj výkon úrazového poistenia. Úrazové poistenie ako povinné poistenie zamestnávateľa. Úrazové dávky poskytované z úrazového poistenia. Dokončenie v nasledujúcom čísle.

Salvato in:
Dettagli Bibliografici
Autore principale: Brunovský, Štefan
Natura: Capitolo di libro
Lingua:slovacco
Soggetti:
Tags: Aggiungi Tag
Nessun Tag, puoi essere il primo ad aggiungerne!!

MARC

LEADER 00000naa$a2200000$$$4500
001 0003705
005 20230925073231.7
041 0 |a slo 
044 |a SK 
245 1 0 |a Úrazové poistenie v Sociálnej poisťovni [1]  |c aut. Štefan Brunovský 
520 |a Sociálne poistenie je členené na päť podsystémov. Sociálna poisťovňa bude od 1.1.2004 zabezpečovať aj výkon úrazového poistenia. Úrazové poistenie ako povinné poistenie zamestnávateľa. Úrazové dávky poskytované z úrazového poistenia. Dokončenie v nasledujúcom čísle. 
610 2 0 |a Slovensko 
610 2 0 |a poistenie sociálne 
610 2 0 |a poistenie úrazové 
610 2 0 |a dávky 
100 1 |a Brunovský, Štefan